000 00238 a2200085 4500
082 _a625.85 ASP
245 _aPocket Book for Useful Information/
_cAsphalt Institute
260 _aUSA :
_bAsphalt institute,
_c2005
300 _ax, 118p. :
_bill. ;
_c15 cm
650 _aAsphalt
999 _c1544
_d1544